000 01534nam a2200481 i 4500
001 37387
003 KOSZ 005
005 20220311094614.0
008 000623s2000 pl |000 0 pol
015 _aUWD 2000/11814
020 _a8388149210
035 _a991014159229705066
035 _a(PL-WaBN)b13804820-48omnis_nlop
035 _ab13804820
035 _a(OCoLC)830277293
035 _azz2006908610
035 _a(PL)b0000001380482
035 _a(EXLNZ-48OMNIS_NETWORK)9910390685105606
040 _aWA N
_cWA N
_dKOSZ 005/HR
041 0 _apol
046 _k2000
080 _a349.6(438)
080 _a(075.8)
100 1 _aMachowski, Jacek
_d(1923-2004)
_eAutor
245 1 0 _aProblemy prawne ochrony środowiska /
_cJacek Machowski.
260 _aWarszawa :
_b"Żak",
_c2000.
300 _a240, [1] s. ;
_c21 cm.
336 _aTekst
_btxt
_2rdacontent
337 _aBez urządzenia pośredniczącego
_bn
_2rdamedia
338 _aWolumin
_bnc
_2rdacarrier
380 _aKsiążki
388 _a1901-2000
388 _a1989-2000
504 _aBibliogr. przy rozdz., akty prawne przy rozdz.
650 7 _aPrawo ochrony środowiska
651 7 _aPolska
_2DBN
655 7 _aPodręczniki akademickie
_2DBN
658 _aPrawo i wymiar sprawiedliwości
710 2 _aŻak, Wydawnictwo Edukacyjne
_4pbl
856 _uhttp://koha.tu.koszalin.pl/cgi-bin/koha/opac-detail.pl?biblionumber=37387
_yKatalog online BPK
942 _2UKD
_cKS
999 _c37387
_d37387